LEADER 01629oam 2200445Ia 450 001 9910696365903321 005 20080110150006.0 035 $a(CKB)5470000002377171 035 $a(OCoLC)57345441 035 $a(EXLCZ)995470000002377171 100 $a20041229d2004 ua 0 101 0 $aeng 135 $aurmn||||||||| 181 $ctxt$2rdacontent 182 $cc$2rdamedia 183 $acr$2rdacarrier 200 10$aStreamwater quality data from the 2002 Hayman, Hinman, and Missionary Ridge Wildfires, Colorado, 2003$b[electronic resource] /$fby Anthony J. Ranalli and Michael R. Stevens 210 1$a[Reston, Va.] :$cU.S. Geological Survey,$d2004. 215 $a1 electronic text (5 pages) $cHTML, digital, PDF file 225 1 $aData series ;$v109 300 $aTitle from PDF title screen (viewed Dec. 29, 2004). 320 $aIncludes bibliographical references (page 2). 517 1 $aWater resources of Colorado 606 $aForest fires$xEnvironmental aspects$zColorado 606 $aWildfires$xEnvironmental aspects$zColorado 606 $aWater quality$zColorado 615 0$aForest fires$xEnvironmental aspects 615 0$aWildfires$xEnvironmental aspects 615 0$aWater quality 700 $aRanalli$b Anthony J$01413742 701 $aStevens$b Michael R$01385401 712 02$aGeological Survey (U.S.) 801 0$bGIS 801 1$bGIS 801 2$bOCLCQ 801 2$bGPO 906 $aBOOK 912 $a9910696365903321 996 $aStreamwater quality data from the 2002 Hayman, Hinman, and Missionary Ridge Wildfires, Colorado, 2003$93510898 997 $aUNINA